| 000 | 00579 a2200157 4500 | ||
|---|---|---|---|
| 999 |
_c3307 _d3307 |
||
| 020 | _a9780797461291 | ||
| 050 | _aHD 82 MUG 2014 | ||
| 100 | _aMugumbate, Jacob | ||
| 245 |
_aDevelopment policy and practice _bmaking use of population census data in Zimbabwe / _cJacob Mugumbate [et--al] |
||
| 264 |
_aHarare _bIDA Publishers _c2014 |
||
| 300 | _axx,218p. | ||
| 500 | _ainclude index | ||
| 650 | _aPolicy development | ||
| 700 |
_aDodo Obediah _aMaushe Francis _aRuparanganda Lenah _aZembere Monica _aMakwerere David _aNgwerume Emmacualate _aMtetwa Edmos |
||
| 942 |
_2lcc _cBK _h82 _iMUG _kHD |
||